Online
Catalog

Psicología médica. / (Record no. 34749)

MARC details
000 -CABECERA
campo de control de longitud fija 00702nam a2200193 a 4500
001 - NÚMERO DE CONTROL
campo de control 000035258
005 - FECHA Y HORA DE LA ÚLTIMA TRANSACCIÓN
campo de control 20200930074218.0
008 - DATOS DE LONGITUD FIJA--INFORMACIÓN GENERAL
campo de control de longitud fija 111026s1957 sp 000 0 spa d
040 ## - FUENTE DE LA CATALOGACIÓN
Centro catalogador/agencia de origen DO-SdBNP
Lengua de catalogación spa
Centro/agencia transcriptor BNPHU
082 ## - NÚMERO DE LA CLASIFICACIÓN DECIMAL DEWEY
Número de clasificación xxxx
Número de documento/Ítem K924p
100 1# - ENTRADA PRINCIPAL--NOMBRE DE PERSONA
Nombre de persona kretschmer, Ernst
9 (RLIN) 61014
240 10 - TÍTULO UNIFORME
Título uniforme Medizinische psychologie
Lenguaje de la obra Español
245 10 - MENCIÓN DE TÍTULO
Título Psicología médica. /
Mención de responsabilidad, etc. Ernst kretschmer ; traducción de la décima edición alemana por José Solé Sagarra.
260 ## - PUBLICACIÓN, DISTRIBUCIÓN, ETC.
Lugar de publicación, distribución, etc. Barcelona :
Nombre del editor, distribuidor, etc. Editorial Labor,
Fecha de publicación, distribución, etc. 1957.
300 ## - DESCRIPCIÓN FÍSICA
Extensión 330 p. ;
Dimensiones 23 cm.
500 ## - NOTA GENERAL
Nota general Traducido del alemán
590 ## - NOTA LOCAL (RLIN)
Nota local Perteneció a la biblioteca personal de Juan Isidro Jimenes Grullón
700 1# - PUNTO DE ACCESO ADICIONAL--NOMBRE DE PERSONA
Nombre de persona Solé Sagarra, José,
Término indicativo de función/relación tr.
9 (RLIN) 61015
Holdings
Estado de retiro Estado de pérdida Restricciones de uso No para préstamo Código de colección Localización permanente Ubicación/localización actual Ubicación en estantería Fecha de adquisición Número de inventario Total de préstamos Signatura topográfica completa Código de barras Fecha visto por última vez Precio válido a partir de Tipo de ítem Koha Nota pública
      Excluido de préstamo Monografías: Libros y Folletos General General En catalogación 26.10.2011 LF1   xxxx K924p 35258-10 25.06.2020 25.06.2020 No se presta Perteneció a la biblioteca personal de Juan Isidro Jimenes -Grullón

Powered by Koha